000 00299nam a22001337a 4500
008 180919b xxu||||| |||| 00| 0 eng d
020 _a0226075125
041 _aeng
080 _a37
100 _a25
101 _aEDU
245 _aThe Chicago Handbook for Teachers
_cBrinkley,A
942 _2udc
_cBK
999 _c48058
_d48058